| 000 -LEADER |
| fixed length control field |
00514nam a2200193Ia 4500 |
| 001 - CONTROL NUMBER |
| control field |
12247 |
| 003 - CONTROL NUMBER IDENTIFIER |
| control field |
GE_BSU |
| 008 - FIXED-LENGTH DATA ELEMENTS--GENERAL INFORMATION |
| fixed length control field |
181216s||||||||xx |||||||||||||| ||und|| |
| 040 ## - CATALOGING SOURCE |
| Transcribing agency |
GE_BSU |
| 080 ## - UNIVERSAL DECIMAL CLASSIFICATION NUMBER |
| Universal Decimal Classification number |
005+339.138 |
| 245 ## - TITLE STATEMENT |
| Title |
Fundamentals of Destination Management and Marketing |
| 245 ## - TITLE STATEMENT |
| Statement of responsibility, etc. |
Edited by Rich Harrill,Ph |
| 260 ## - PUBLICATION, DISTRIBUTION, ETC. |
| Date of publication, distribution, etc. |
2013 |
| 300 ## - PHYSICAL DESCRIPTION |
| Extent |
281p.23cm. |
| 653 ## - INDEX TERM--UNCONTROLLED |
| Uncontrolled term |
Fundamentals of Destination Management and Marketing |
| 653 ## - INDEX TERM--UNCONTROLLED |
| Uncontrolled term |
მარკეტინგი |
| 942 ## - ADDED ENTRY ELEMENTS (KOHA) |
| Koha item type |
წიგნი |